000 00636cam a22002293a 4500
001 40751
003 PGUSA
005 20140828083918.0
008 120913s2012||||xxu|||||s|||||000 | eng d
040 _aPGUSA
_beng
042 _adc
100 1 _aStrang, Herbert
245 1 4 _aThe Old Man of the Mountain
_h[electronic resource] /
_cHerbert Strang
260 _bProject Gutenberg,
_c2012
506 _aPublic domain in the USA.
516 _aElectronic text
700 1 _aBull, René
700 1 _aCuneo, Cyrus,
_d1879-1916
830 0 _aProject Gutenberg
_v40751
856 4 0 _uhttp://www.gutenberg.org/ebooks/40751
942 _cEB
999 _c270003
_d270003